000 00930nam a2200241 a 4500
001 000020988
005 20200930011215.0
008 100825s1993 dr 000 0 spa d
040 _aDO-SdBNP
_bspa
_cBNPHU
082 _a338.1097293
_bT266e
100 1 _aTejada C., Frank A.
_936565
245 1 0 _aEconomía agroempresarial :
_bFrank A. Tejada C.
260 _aSanto Domingo :
_bCENAPEC,
_c1993.
300 _a582 p. :
_bil., tablas ;
_c22 cm.
500 _aIncluye datos biográficos del autor en la solapa de la cubierta
504 _aBibliografía: p.577-579.
590 _aInventariado,2018/DG
650 4 _aAgricultura
_xAspectos económicos
_zRepública Dominicana
_91508
650 4 _aIndustrias agropecuarias
_zRepública Dominicana
_919602
650 4 _aProducción agropecuaria
_zRepública Dominicana
_919604
650 4 _aPolítica agrícola
_zRepública Dominicana
_99553
910 _aValidado. Control de calidad EMS
999 _c20491
_d20491